Análisis de los indicadores del avance académico en los cursos de la Escuela de Ciencias de la (Registro nro. 2722)

Detalles MARC
000 -LEADER
campo de control de longitud fija 02105nam a22003497a 4500
001 - NÚMERO DE CONTROL
campo de control 42835
003 - IDENTIFICADOR DE NÚMERO DE CONTROL
campo de control gtgccic
005 - FECHA Y HORA DE LA ÚLTIMA TRANSACCIÓN
campo de control 20260313105406.0
007 - CAMPO FIJO DE DESCRIPCIÓN FÍSICA--INFORMACIÓN GENERAL
campo de control de longitud fija ta
008 - DATOS DE LONGITUD FIJA--INFORMACIÓN GENERAL
campo de control de longitud fija 260313b gt ||||| |||| 00| 0 spa d
040 ## - FUENTE DE CATALOGACIÓN
Centro catalogador/agencia de origen gtgccic
Lengua de catalogación spa
Centro/agencia transcriptor gtgccic
Normas de descripción rda
084 ## - OTRO NÚMERO DE CLASIFICACIÓN
Número de control del registro de autoridad o número normalizado TPI-18-0135
100 10 - ENTRADA PRINCIPAL--NOMBRE DE PERSONA
Nombre de persona Adonai Navas García
Término indicativo de función/relación autor
245 10 - MENCIÓN DEL TÍTULO
Título Análisis de los indicadores del avance académico en los cursos de la Escuela de Ciencias de la
Resto del título Facultad de Ingeniería de la Universidad de San Carlos de Guatemala, del 2010 al 2015 /
Mención de responsabilidad, etc. Navas García, Adonai
264 #1 - PRODUCCIÓN, PUBLICACIÓN, DISTRIBUCIÓN, FABRICACIÓN Y COPYRIGHT
Producción, publicación, distribución, fabricación y copyright Guatemala :
Nombre del de productor, editor, distribuidor, fabricante USAC, Facultad de Ingeniería ;
Fecha de producción, publicación, distribución, fabricación o copyright 2018. -
300 ## - DESCRIPCIÓN FÍSICA
Extensión 86 p. :
Otras características físicas il. ;
Dimensiones 28 cm
336 ## - TIPO DE CONTENIDO
Fuente rdacontenido
Término de tipo de contenido Texto
Código de tipo de contenido txt
337 ## - TIPO DE MEDIO
Fuente rdamedio
Nombre/término del tipo de medio sin mediación
Código del tipo de medio n
338 ## - TIPO DE SOPORTE
Fuente rdasoporte
Nombre/término del tipo de soporte volumen
Código del tipo de soporte nc
502 ## - NOTA DE TESIS
Nota de tesis Tesis Postgrado
Tipo de título MAESTRO EN ARTES EN ESTADÍSTICA APLICADA
Nombre de la institución que otorga el título USAC, Facultad de Ingeniería, Escuela de Postgrado
Año de obtención del título 2018
Identificador de la tesis TPI-18-0135
504 ## - NOTA DE BIBLIOGRAFÍA, ETC.
Nota de bibliografía, etc. Nota Bibliografía pag. 83
505 ## - NOTA DE CONTENIDO CON FORMATO
Título 1. MARCO REFERENCIAL
505 ## - NOTA DE CONTENIDO CON FORMATO
Título 2. MARCO TEÓRICO (Indicadores de avance académico en el nivel superior)
505 ## - NOTA DE CONTENIDO CON FORMATO
Título 3. PRESENTACIÓN DE RESULTADOS (Análisis de regresión de créditos académicos y año de ingreso)
505 ## - NOTA DE CONTENIDO CON FORMATO
Título 4. DISCUSIÓN DE RESULTADOS
520 #3 - RESUMEN, ETC.
Sumario, etc. En el presente trabajo de graduación, se realizó un estudio del avance académico real de los estudiantes de la Facultad de Ingeniería de la Universidad de San Carlos de Guatemala, en el período del año 2010 al año 2015 para los cursos que administra la Escuela de Ciencias, en el cual se obtubo un índice general del 45.01 % (49 % en el caso ponderado) como avance académico real, el cual se considera bajo.<br/>Se describe el avance global de los estudiantes, a través de la construcción de indicadores para cada género, carrera y área. Para el caso específico de cohorte, se logró determinar una correlación lineal entre el año de ingreso a la Facultad y su avance académico.
650 ## - PUNTO DE ACCESO ADICIONAL DE MATERIA--TÉRMINO DE MATERIA
Término de materia o nombre geográfico como elemento de entrada CURSOS
650 ## - PUNTO DE ACCESO ADICIONAL DE MATERIA--TÉRMINO DE MATERIA
Término de materia o nombre geográfico como elemento de entrada ESCUELAS
700 ## - ENTRADA AGREGADA--NOMBRE PERSONAL
Nombre de persona MTR. Edwin Adalberto Bracamonte Orozco
Término indicativo de función/relación asesor
942 ## - ELEMENTOS DE ENTRADA SECUNDARIOS (KOHA)
Fuente de la clasificación o esquema de estantería Clasificación Decimal Dewey
Tipo de ítem Koha TESISPOSTGRADO
945 ## - PROCESAMIENTO DE INFORMACIÓN LOCAL (OCLC)
a amlo
Existencias
Estatus retirado Estado de pérdida Fuente de la clasificación o esquema de estantería Estado de daño No para préstamo Biblioteca de origen Biblioteca actual Fecha de adquisición Número de inventario Total de préstamos Signatura topográfica completa Código de barras Visto por última vez Precio de reemplazo Tipo de ítem Koha Nota pública
    Clasificación Decimal Dewey     CENTRO DE INFORMACIÓN A LA CONSTRUCCIÓN-CICON CENTRO DE INFORMACIÓN A LA CONSTRUCCIÓN-CICON 13/03/2026 P20080135   TPI-18-0135 20180135 13/03/2026 13/03/2026 TESISPOSTGRADO disponible